A case in point... (Record no. 66267)

MARC details
000 -LEADER
fixed length control field 01510cam a2200277 4500
001 - CONTROL NUMBER
control field ABS63594
008 - FIXED-LENGTH DATA ELEMENTS--GENERAL INFORMATION
fixed length control field 000000n2001 000 0 eng u
035 ## - SYSTEM CONTROL NUMBER
System control number (Sirsi) u111222
100 ## - MAIN ENTRY--PERSONAL NAME
Personal name Langley, R.
245 #2 - TITLE STATEMENT
Title A case in point...
260 ## - PUBLICATION, DISTRIBUTION, ETC.
Date of publication, distribution, etc. 2001
490 ## - SERIES STATEMENT
Series statement Cost Engineer
Volume/sequential designation 39(1) February 2001, 13(1)
520 ## - SUMMARY, ETC.
Summary, etc. Interprets two recent cases which hold importance for project practitioners: "Inntrepreneur Pub Co v East Crown Ltd" (2000) and "Panatown Ltd v Alfred McAlpine" (2000). The first case involved E taking a lease of a public house from I. The lease contained a clause that constituted the entire agreement between the parties. The outcome being that an 'entire agreement' clause invalidates a warranty. The second case illustrates the problem project managers face attempting to decide which company should be named upon the Contract Form as the Employer under the contract. One point raised in the outcome of the case is that Third Party Warranties are useful.
590 ## - LOCAL NOTE (RLIN)
Local note ABS
650 ## - SUBJECT ADDED ENTRY--TOPICAL TERM
Topical term or geographic name entry element INNTREPRENEUR PUB CO V EAST CROWN LTD
650 ## - SUBJECT ADDED ENTRY--TOPICAL TERM
Topical term or geographic name entry element PANATOWN LTD V ALFRED MCALPINE
650 ## - SUBJECT ADDED ENTRY--TOPICAL TERM
Topical term or geographic name entry element LINDEN GARDENS TRUST LTD V LENESTA SLUDGE DISPOSALS LTD
650 ## - SUBJECT ADDED ENTRY--TOPICAL TERM
Topical term or geographic name entry element DARLINGTON BC V WILTSHIER NORTHERN LTD
650 ## - SUBJECT ADDED ENTRY--TOPICAL TERM
Topical term or geographic name entry element ENTIRE AGREEMENT CLAUSE
650 ## - SUBJECT ADDED ENTRY--TOPICAL TERM
Topical term or geographic name entry element BUILT ENVIRONMENT-BUILDING CONTRACT FORMS-CONSTRUCTION COLLATERAL WARRANTY FORMS
650 ## - SUBJECT ADDED ENTRY--TOPICAL TERM
Topical term or geographic name entry element PROJECT MANAGERS
650 ## - SUBJECT ADDED ENTRY--TOPICAL TERM
Topical term or geographic name entry element UTS V MILBURN
650 ## - SUBJECT ADDED ENTRY--TOPICAL TERM
Topical term or geographic name entry element CASE LAW
690 ## - LOCAL SUBJECT ADDED ENTRY--TOPICAL TERM (OCLC, RLIN)
Topical term or geographic name as entry element Project management
9 (RLIN) 6261
942 ## - ADDED ENTRY ELEMENTS (KOHA)
Suppress in OPAC 0
Holdings
Withdrawn status Lost status Source of classification or shelving scheme Damaged status Not for loan Home library Current library Shelving location Date acquired Total Checkouts Full call number Barcode Date last seen Copy number Price effective from Koha item type
    Dewey Decimal Classification     London London Journal article 01/03/2001   ABS63594 111222-1001 06/08/2019 1 06/08/2019 Journal article